|
|
|
|
| LEADER |
00000nab a2200000 a 4500 |
| 001 |
vtls000895763 |
| 003 |
SK-MaSNL |
| 005 |
20260302175308.0 |
| 008 |
040720e19961209xo 0 slo |
| 035 |
|
|
|a KE4792
|
| 040 |
|
|
|a KEVKJB
|b slo
|c KEVKJB
|e AACR2
|
| 041 |
0 |
|
|a slo
|
| 044 |
|
|
|a xo
|c SK
|
| 080 |
|
|
|a 339.375
|2 1981
|
| 100 |
1 |
|
|a Pardupa, Juraj
|4 aut
|9 873437
|
| 245 |
1 |
0 |
|a Príbor cez telefón
|b Ôsma aukcia starožitností a umeleckých diel
|
| 300 |
|
|
|b 1 foto
|
| 650 |
0 |
7 |
|a starožitnosti
|2 KEVKJB
|9 2978
|
| 650 |
0 |
7 |
|a aukcia starožitností
|2 KEVKJB
|9 886447
|
| 650 |
0 |
7 |
|a priebeh
|2 KEVKJB
|9 29559
|
| 650 |
0 |
7 |
|a informácie
|2 KEVKJB
|9 1285
|
| 651 |
|
7 |
|a Košice (Slovensko)
|2 KEVKJB
|9 18694
|
| 651 |
|
7 |
|a KE,
|2 KEVKJB
|9 877256
|
| 651 |
|
7 |
|a KE,
|2 KEVKJB
|9 877256
|
| 655 |
|
7 |
|a periodikum
|2 snkbucl
|9 29553
|
| 773 |
0 |
8 |
|t Košický večer
|g Roč. 7
|g Roč. 28, č.239, 9.12.1996, s. 1,2
|
| 852 |
|
|
|a ZVYKNI
|b KIS3GCP
|
| 999 |
|
|
|c 1406608
|d 1408538
|